000 00524nam a2200193Ia 4500
003 OSt
005 20221007082721.0
006 a|||||r|||| 00| 0
007 ta
008 221006b |||||||| |||| 00| 0 eng d
024 _a22,797
037 _cDissertations
040 _aFLL
_cFLL
_beng
041 _2eng
_aeng
100 _aPrasad Mahadev
_9699312
245 0 _aBrief study of the objectives of reformation and rehabilitation of offenders
942 _cDIS
_2CC
999 _c1167481
_d1167481